000 00622nam a22001937a 4500
005 20140207113624.0
010 _aENG-109133
020 _a9789381709078
_c500.00
035 _aEN-92666
037 _bDBAD/PUB
082 _a658.42
245 _aWomen entrepreneurs :
_cedited and compiled by Sudarshan Pruthi
_bchallenges and prospects /
260 _aNew Delhi
_bLife Span Publishers and Distributors
_c2013
270 _a4782/23, Ansari Road, Daryagang,
_bNew Delhi
_e110002
300 _a164p.
_c22cm(Hb)
500 _aIncludes index
700 _aSudarshan Pruthi
942 _2ddc
_cEN
_mWOM
_h658.42
999 _c81993
_d81993